| 000 | 01461cad a22002175a 4500 | ||
|---|---|---|---|
| 001 | L154813 | ||
| 008 | 120120s2010 xxk g 000 0 eng d | ||
| 035 | _a(Sirsi) u154813 | ||
| 041 | 0 | _aeng | |
| 110 | 2 |
_aL. E. K. Consulting _96012 |
|
| 245 | 0 | 0 |
_aConstruction in the UK economy _bOctober 2010 update _h[electronic resource] |
| 260 |
_aLondon _bUKCG _c2010 |
||
| 505 | 2 | _aIntroduction -- Impact on economic activity -- Contribution to employment -- Benefits of investment -- Conclusion | |
| 520 | _aThis study was commissioned by the UK Contractors Group and was conducted during August and September 2009, and updated in October 2010. The objectives of this study are to demonstrate the impacts of the UK construction industry on the UK economy, and specifically to highlight the benefits of investing in construction. The key areas covered by the study include: the significant contribution that construction makes to the UK economy, both at a national level and in supporting the regions, the key contribution that construction makes to UK employment, the enabling role that construction plays in realising a range of broader economic and social objectives. | ||
| 590 | _aKA | ||
| 651 | 4 |
_aUnited Kingdom _y |
|
| 690 |
_aConstruction management _96230 |
||
| 710 | 1 |
_aUK Contractors Group _96011 |
|
| 856 | 4 | 0 |
_uhttps://ukcg.org.uk/fileadmin/documents/UKCG/pamphlets/LEK_report_Nov_2010.pdf _zView this report free of charge at ukcg.org.uk |
| 942 | _n0 | ||
| 999 |
_c113173 _d113173 |
||